000 00423nam a2200193Ia 4500
005 20240823012640.0
008 240823s9999||||xx |||||||||||||| ||und||
020 _a1-85326-050-9
041 _aENGLISH
082 _A823 N4
100 _a"Hugo,Victor"
245 0 _aLes Miserrables
250 _a1st
260 _c1994
_bWordsworth.L
500 _aYES
650 _aStory
_bGeneral
942 _cBK
999 _c165001
_d165001